| 000 | 00696cam a2200229 i 4500 | ||
|---|---|---|---|
| 001 | 1760858 | ||
| 005 | 20180209073403.0 | ||
| 008 | 760312s1976 nyu b 000 0 eng | ||
| 010 | _a 76008249 | ||
| 020 |
_a0916354431 : _c$10.00. _a091635444X _c$3.95 |
||
| 040 |
_aDLC _cDLC _dDLC |
||
| 041 | 1 | _aengfre | |
| 080 | _a335.4/12 SUZ | ||
| 082 | 0 | 0 | _a335.4/12 SUZ |
| 100 | 1 | _a52 | |
| 101 | _aECO | ||
| 240 | 1 | 0 |
_aMonnaie chez Marx. _lEnglish |
| 245 | 1 | 0 |
_aMarx on money / _cby Suzanne de Brunhoff ; translated by Maurice J. Goldbloom ; pref. by Duncan K. Foley. |
| 504 | _aIncludes bibliographical references. | ||
| 906 |
_a7 _bcbc _corignew _d1 _eocip _f19 _gy-gencatlg |
||
| 942 |
_2ddc _cBK |
||
| 999 |
_c42265 _d42265 |
||